Rediseño del proceso de validación técnica para compra de la Dirección General de Planeación Tecnológica del Gobierno del Estado de Jalisco /

Uloženo v:
Podrobná bibliografie
Hlavní autor: Félix Martínez, Michael (autor)
Médium: Diplomová práce Kniha
Jazyk:španělština
Vydáno: Guadalajara, México : edición de autor, 2025
Témata:
On-line přístup:Ver documento en línea
Tagy: Přidat tag
Žádné tagy, Buďte první, kdo vytvoří štítek k tomuto záznamu!

MARC

LEADER 00000nam^a2200000^a^4500
001 000629460
005 20260318000000.0
009 20260407175349.65
037 |a Acervo ITESO - Biblioteca 
041 |a ESP 
090 |a MIA. 183 
100 |a Félix Martínez, Michael  |e (autor) 
245 1 0 |a Rediseño del proceso de validación técnica para compra de la Dirección General de Planeación Tecnológica del Gobierno del Estado de Jalisco /  |c M. Félix Martínez. 
264 1 |a Guadalajara, México :  |b edición de autor,  |c 2025 
300 |a 1 tesis electrónica en línea (36 p.) 
300 |a 1 recurso en línea 
336 |a datos para computadora  |b cod  |2 rdacontenido 
337 |a computadora  |b c  |2 rdamedio 
338 |a recurso en línea  |b cr  |2 rdasoporte 
502 |a ITESO Tesis de Maestría en Informática Aplicada 
649 |a XX 
650 |a Tecnologías de Comunicación e Información -  |x Función Organizacional 
650 |a Compras 
650 |a Sistemas Electrónicos 
650 |a Sistemas de Información 
650 |a Computadoras 
650 |a Equipos de Oficina 
650 |a Administración Pública -  |z Jalisco -  |x Aspectos Tecnológicos -  |x Tema Principal 
650 |a Administración Pública -  |z México -  |x Aspectos Tecnológicos 
650 |a Informática 
650 |a Ingeniería Computacional 
856 4 0 |u https://rei.iteso.mx/handle/11117/12111  |y Ver documento en línea 
910 |a Fondo General 
920 |a Electrónicos - Tesis del ITESO en Línea 
930 |a Repositorio Institucional 
905 |a 201 
901 |a 629460-1  |b IT2  |c ETI  |u 20260318 
902 |a https://opac.biblio.iteso.mx/vufind/Record/000629460